000 00234nam a2200085Ia 4500
245 0 _aOf cops & robbers
100 _a Nicol, Mike, Cape Town, South Africa, 2013
_967794
942 _cBK
008 210817s9999 xx 000 0 und d
999 _c271445
_d271444